MARC

LEADER 00000nas a2200000 a 4500
001 ssj0005117
003 WaSeSS
005 20200512172242.0
006 m d
007 cr n
008 980311c19659999gw bx pss 0 0eng c
010 |a  2005233979 
016 7 |a C33440000  |2 DNLM 
016 7 |a 2015075-1  |2 DE-600 
016 7 |a 012432490  |2 Uk 
022 |a 1573-2789  |l 0010-3853  |y 0010-3853 
030 |a CMHJAY 
035 |a (WaSeSS)ssj0005117 
040 |a FGA  |b eng  |e pn  |c FGA  |d OCL  |d OCLCQ  |d MUQ  |d OCLCQ  |d GUA  |d OCL  |d SBH  |d CLU  |d OCLCQ  |d CLU  |d OCLCQ  |d BUF  |d OCLCF  |d MT4IT  |d TXA  |d CSU  |d OCLCO  |d OCLCQ  |d OCLCO  |d OCLCQ  |d TSC  |d OCLCO  |d N15  |d FIE  |d OCLCA  |d APUMS  |d GILDS  |d U3W  |d TOF  |d AU@  |d OCLCO  |d WYU  |d UKMGB  |d AUD  |d VT2  |d NJT  |d OCLCO  |d DLC  |d RDF  |d OCLCA  |d WaSeSS 
042 |a pcc 
050 0 0 |a RA790.A1 
060 0 |a W1 CO429N 
082 0 4 |a 616.89 
130 0 |a Community mental health journal (Online) 
210 0 |a Community ment. health j.  |b (Dordr., Online) 
222 0 |a Community mental health journal  |b (Dordrecht. Online) 
245 1 0 |a Community mental health journal  |h [electronic resource]. 
260 |3 <1965-> :  |a New York :  |b Human Sciences Press 
260 3 |3 <2004-> :  |a [Berlin] :  |b Springer Science+Business Media B.V. 
310 |a 8 issues per year,  |b 2014- 
321 |a Bimonthly,  |b Feb. 1990-2013 
321 |a Quarterly,  |b 1971-89 
321 |a Bimonthly,  |b 1968-70 
321 |a Quarterly,  |b 1965-67 
362 1 |a Print began with v. 1, published in 1965. 
506 |a License restrictions may limit access. 
538 |a Mode of access: World Wide Web. 
588 |a Description based on: Vol. 33, no. 1 (Feb. 1997); title from contents screen (SpringerLink, viewed Mar. 30, 2005). 
588 |a Latest issue consulted: Vol. 55, issue 5 (July 2019) (Springer Link, July 26, 2019). 
650 0 |a Mental health  |v Periodicals. 
650 2 |a Community Mental Health Services. 
650 6 |a Santé mentale  |v Périodiques. 
650 7 |a Mental health.  |2 fast  |0 (OCoLC)fst01016339 
650 1 7 |a Geestelijke gezondheidszorg.  |2 gtt 
650 1 7 |a Lokale gezondheidszorg.  |2 gtt 
655 0 |a Electronic journals. 
710 2 |a National Council of Community Mental Health Centers (U.S.) 
710 2 |a American Association of Community Psychiatrists. 
776 0 8 |i Print version:  |t Community mental health journal  |x 0010-3853  |w (DLC) 75220001  |w (OCoLC)1564527 
850 |a DLC 
856 4 0 |z Full text available from Research Library: 10/01/1996 to 1 year ago  |u https://search.proquest.com/publication/48521